<?xml version="1.0" encoding="UTF-8"?><?xml-stylesheet type="text/xsl" href="static/style.xsl"?><OAI-PMH xmlns="http://www.openarchives.org/OAI/2.0/" xmlns:xsi="http://www.w3.org/2001/XMLSchema-instance" xsi:schemaLocation="http://www.openarchives.org/OAI/2.0/ http://www.openarchives.org/OAI/2.0/OAI-PMH.xsd"><responseDate>2026-04-30T05:19:16Z</responseDate><request verb="GetRecord" identifier="oai:uvadoc.uva.es:10324/68132" metadataPrefix="marc">https://uvadoc.uva.es/oai/request</request><GetRecord><record><header><identifier>oai:uvadoc.uva.es:10324/68132</identifier><datestamp>2025-03-26T16:41:30Z</datestamp><setSpec>com_10324_1143</setSpec><setSpec>com_10324_931</setSpec><setSpec>com_10324_894</setSpec><setSpec>col_10324_1250</setSpec></header><metadata><record xmlns="http://www.loc.gov/MARC21/slim" xmlns:doc="http://www.lyncode.com/xoai" xmlns:xsi="http://www.w3.org/2001/XMLSchema-instance" xmlns:dcterms="http://purl.org/dc/terms/" xsi:schemaLocation="http://www.loc.gov/MARC21/slim http://www.loc.gov/standards/marcxml/schema/MARC21slim.xsd">
<leader>00925njm 22002777a 4500</leader>
<datafield tag="042" ind1=" " ind2=" ">
<subfield code="a">dc</subfield>
</datafield>
<datafield tag="720" ind1=" " ind2=" ">
<subfield code="a">Mateos Blanco, María Belén</subfield>
<subfield code="e">author</subfield>
</datafield>
<datafield tag="260" ind1=" " ind2=" ">
<subfield code="c">2020</subfield>
</datafield>
<datafield tag="520" ind1=" " ind2=" ">
<subfield code="a">El microrrelato, catalogado por muchos como subgénero del cuento y por otros tantos como cuarto género narrativo, ocupa actualmente un lugar privilegiado en los estudios de teoría y análisis literario. Y es que este, cuyo origen, denominación y características fundacionales parecían delimitados, permanece en el foco de estudios, líneas de investigación, revistas académicas y, por supuesto, obras de autor y antologías. La explicación a esta eclosión y expansión del microrrelato tiene su razón de ser en sus características discursivas, formales, temáticas y pragmáticas, las cuales favorecen su carácter proteico. Antes de abordar el microrrelato y definir los atributos constantes y sistematizables que lo tipifican como tal expondremos sus posibles denominaciones en el territorio de la brevedad. Primeramente, nos ocuparemos de los rasgos discursivos: hiperbrevedad, narratividad, concisión e intensidad expresiva, hibridez genérica y fragmentariedad; a continuación, los formales: relevancia del título, estructura sencilla, personajes tipificados, ausencia de párrafos descriptivos, el valor de la elipsis y los finales sorpresivos; en cuanto a la temática: intertextualidad y metaliteratura conviven con el humor y la parodia; por último, los rasgos pragmáticos, que buscan la complicidad del lector activo capaz de averiguar el auténtico sentido de un texto meticulosamente elaborado.</subfield>
</datafield>
<datafield tag="024" ind2=" " ind1="8">
<subfield code="a">Álabe: Revista de Investigación sobre Lectura y Escritura,Nº. 22 (julio - diciembre), 2020</subfield>
</datafield>
<datafield tag="024" ind2=" " ind1="8">
<subfield code="a">2171-9624</subfield>
</datafield>
<datafield tag="024" ind2=" " ind1="8">
<subfield code="a">https://uvadoc.uva.es/handle/10324/68132</subfield>
</datafield>
<datafield tag="024" ind2=" " ind1="8">
<subfield code="a">10.15645/Alabe2020.22.10</subfield>
</datafield>
<datafield tag="024" ind2=" " ind1="8">
<subfield code="a">22</subfield>
</datafield>
<datafield tag="024" ind2=" " ind1="8">
<subfield code="a">Álabe: Revista de Investigación sobre Lectura y Escritura</subfield>
</datafield>
<datafield tag="245" ind1="0" ind2="0">
<subfield code="a">El microrrelato en perspectiva</subfield>
</datafield>
</record></metadata></record></GetRecord></OAI-PMH>